000 00545cam a2200169 a 4500
001 000002543
005 20200929150218.0
008 730905s1954 nyu 001 0 eng
040 _aDO-SdBNP
_bspa
_cBNPHU
082 _a323.4
_bD733a
100 1 _aDouglas, William O.
_q(William Orville),
_d1898-1980.
_97992
245 1 3 _aAn almanac of liberty /
_cWilliam O. Douglas.
260 _aNew York :
_bDoubleday & Company,
_c1954.
300 _axx, 409 p. ;
_c22 cm.
650 4 _aLey
_zEstados Unidos
_97993
650 4 _aDerecho civil
_zEstados Unidos
_97994
999 _c2379
_d2379